| 000 | 00368 a2200145 4500 | ||
|---|---|---|---|
| 040 |
_aDLC _bDLC |
||
| 082 | _a530 | ||
| 100 |
_aFouzia Saleemi. _9120733 |
||
| 245 |
_aPhysics (XI) _cFouzia Saleemi |
||
| 260 |
_aLahore: _bPunjab textbook Board, _c2005. |
||
| 300 |
_a268 p. : _bill. ; _c24 cm. |
||
| 500 | _aIncludes Index | ||
| 650 | _aPhysics. | ||
| 942 |
_cBK _k530 FOU _2ddc |
||
| 999 |
_c9381 _d9381 |
||